000 00552nam a2200205Ia 4500
005 20250923144608.0
008 008 250917s9999 xx 000 0 eng d
037 _aTextual
040 _aDSWL
_beng
_cDSWL
041 _aeng
_2eng
084 _qDSWL
100 _aGupte, Raghuraj
_9826469
245 0 _aBhart me samajik kalyan or surakeha
_cby Raghuraj Gupte
260 _a Kanpur
_b Publishing House Prade Kanpur
_c1956
300 _a449p.
365 _aINR
_b10
925 _g10
942 _cTEXL
999 _c1440937
_d1440937